00775nam a2200217Ii 45000010005000000030009000050080041000140400033000550410008000880820013000961000029001092450090001382640036002283000012002643360026002763370028003023380027003309400050003579990017004079520133004248871CO-ViMGA241108s9999||||xx |||||||||||||| ||und|| aCO-ViMGAbspaerdacCO-ViMGA0 aspa04a510 M8281 aAlonso Morales R.94456210aMatemáticas, II Lenguaje matematico, teoría de conjuntos y relaciones y funciones 1aBogotá, Colombia : ESAP, 1988 avolumen atextbtxt2rdacontent aunmediatedbn2rdamedia avolumebnc2rdacarrier aidficha_siabuc: 8672. -- ficha_no_siabuc:8871 c39027d39027 001040708001aMEVIGERRbMEVIGERRcGENd2006-11-27o510 M828pECA9265r2024-11-25 15:05:47tEj.1w2024-11-25yBKz8672 | 12129